|
|
|
|
| LEADER |
01294nam a2200301 a 4500 |
| 001 |
GR-Patra26321 |
| 008 |
080703s2006 nyu g b 000 0 eng d |
| 020 |
|
|
|a 9780199274796
|
| 040 |
|
|
|a GrPaTEI
|b gre
|c GR-PaULI
|
| 040 |
|
|
|a GrPaTEI
|b gre
|c GR-PaULI
|
| 082 |
|
0 |
|a 415.0182
|2 22
|
| 245 |
0 |
0 |
|a Gradience in grammar :
|b Generative perspectives ; Edited by Gisbert Fanselow ...[et.al.].
|
| 260 |
|
|
|a New York :
|b Oxford University Press,
|c 2006
|
| 300 |
|
|
|a x, 405 σ. :
|b εικ.
|
| 490 |
1 |
|
|a Oxford linguistics
|
| 500 |
|
|
|a Αρχιμήδης I, Υποέργο 3.
|
| 504 |
|
|
|a Περιλαμβάνει βιβλιογραφικές παραπομπές ( σ.[359]-393) και ευρετήρια.
|
| 610 |
0 |
4 |
|a Αρχιμήδης Ι.
|b Υποέργο 3
|
| 650 |
|
0 |
|a Generative grammar
|
| 650 |
|
0 |
|a Gradience (Linguistics)
|
| 650 |
|
4 |
|a Γενετική γραμματική
|
| 700 |
1 |
|
|a Fanselow, Gisbert
|
| 710 |
0 |
|
|a Oxford University Press
|
| 830 |
|
0 |
|1 00126323
|1 2001
|a Oxford linguistics
|
| 942 |
|
|
|2 ddc
|
| 952 |
|
|
|0 0
|1 0
|2 ddc
|4 0
|6 415_018200000000000_GRA
|7 0
|9 308639
|a LISK
|b LISK
|c BSC
|d 2021-01-17
|e 24
|f 1
|g 0.00
|l 0
|o 415.0182 GRA
|p 92410042110
|q 2008-07-21
|r 2021-01-17 00:00:00
|t 1
|w 2021-01-17
|y BK15
|x 20080703 0 1
|x GrPaTEI
|
| 971 |
|
|
|a .b26738934
|b 08-10-20
|c 26-09-16
|
| 999 |
|
|
|c 177836
|d 177836
|